Význam mikro podnikov pre slovenskú ekonomiku

Vybrané ukazovatele vývoja ekonomiky SR. Charakteristika podnikateľského prostredia v SR. Rozdelenie podnikateľských subjektov do jednotlivých regiónov Slovenska. Charakteristika mikropodnikov a ich význam pre slovenskú ekonomiku.

Saved in:
Bibliographic Details
Main Author: Tóthová, Alena, 1968-
Format: Book Chapter
Language:Slovak
Subjects:
Tags: Add Tag
No Tags, Be the first to tag this record!

MARC

LEADER 00000nla a2200000 4500
001 0195623
005 20240502073302.0
041 0 |a slo 
044 |a SK 
245 1 0 |a Význam mikro podnikov pre slovenskú ekonomiku  |c Alena Tóthová 
520 |a Vybrané ukazovatele vývoja ekonomiky SR. Charakteristika podnikateľského prostredia v SR. Rozdelenie podnikateľských subjektov do jednotlivých regiónov Slovenska. Charakteristika mikropodnikov a ich význam pre slovenskú ekonomiku. 
610 2 0 |a mikropodnik 
610 2 0 |a Slovensko 
610 2 0 |a ukazovatele makroekonomické 
610 2 0 |a prostredie podnikateľské 
610 2 0 |a regióny 
610 2 0 |a výkazy finančné 
100 1 |a Tóthová, Alena, 1968-